000
002690000a22000970004500
100
1
_a
Vargon, Shmuel
245
1
0
_a
Gedud : A place-name in the shephelah of Judah
300
_a
Vol. 42, Num. 4 (Octubre, 1992), Páginas 557-564
773
0
_t
Vetus Testamentum
942
_c
ANA
999
_c
57765
_d
57765